000 00310 a2200121 4500
005 20250630144156.0
020 _a9789978974252
082 _a336.2 MIS
245 _aPrinciples of Economics and Taxation
260 _aDodoma
_bInter press of(T)Ltd
_c2014.
300 _ax,139p.
_bReference
_c22cm.
942 _2ddc
_cBKS
999 _c6479
_d6479